Guess the ATEEZ MV poorly described - Statistics

General Stats
  • This quiz has been taken 21 times
  • The average score is 16 of 25
Answer Stats
Hint Answer % Correct
boxing at a bar with cowboys bouncy
100%
playing chess in my goth mansion with my goth family ice on my teeth
100%
haha we are halateezz haha we are dressed in all black hala hala
94%
astronuts talking bout money nasa
89%
shirtless cowboys dancing and dine and dashing in a bar work
89%
we in a desert and asking people to be our friends pirate king
78%
gambling and terrorizing the streets crazy form
72%
we are the parents and we are two men who are on fire matz
72%
we dancing on cars with our cornrows thanxx
72%
WOOOAH SUMMER BREAK wave
72%
flying and running into cars and walking in slow mo while peopleare fighting without their shirts on adrenaline
67%
ateez highschool and our ramen got soggy the real
67%
yes we are in suits marching on my my way wonderland
67%
we are yearning vampires deja vu
61%
summer on a bus eternal sunshine
61%
its spring and we are butterflies dancing like butterfly wings
56%
man i really need to drink beer in a random house to drown out thepain while im young youth
56%
we on this jolly ship tryna find our destination illusion
50%
look at the way we ride and dance in the rain its you
50%
boxing match and rapping in the locker room rocky
50%
my phone is glitching oh no not okay
44%
oouh this jewlry store so cool no ones here say my name
44%
mhhhph gym mhhphhh muscles limitless
39%
we look like the cover of our album and we are celebrating celebrate
33%
we are in the lorax land and we like to dance in the rain also fireworks im the one
6%
No matching quizzes found
Score Distribution
Percent of People with Each Score
Percentile by Number Answered
Your Score History
You have not taken this quiz